Lorenzo el Magnífico / (Record no. 131937)

MARC details
000 -LEADER
campo de control de longitud fija 00763nam a2200217 4500
001 - NÚMERO DE CONTROL
campo de control 131937
003 - IDENTIFICADOR DE NÚMERO DE CONTROL
campo de control ES-MaACL
005 - FECHA Y HORA DE LA ÚLTIMA TRANSACCIÓN
campo de control 20250804173821.0
007 - CAMPO FIJO DE DESCRIPCIÓN FÍSICA--INFORMACIÓN GENERAL
campo de control de longitud fija t|
008 - DATOS DE LONGITUD FIJA--INFORMACIÓN GENERAL
campo de control de longitud fija 070214s1952 ag r ||||1| spa d
080 ## - NÚMERO DE LA CLASIFICACIÓN DECIMAL UNIVERSAL
Número de la Clasificación Decimal Universal 929 Medici, Lorenzo de'
100 1# - ENTRADA PRINCIPAL--NOMBRE DE PERSONA
Nombre de persona Rohde, Jorge Max.
9 (RLIN) 98977
245 10 - MENCIÓN DEL TÍTULO
Título Lorenzo el Magnífico /
Mención de responsabilidad, etc. Jorge Max Rohde.
260 ## - PUBLICACIÓN, DISTRIBUCIÓN, ETC.
Lugar de publicación, distribución, etc. Buenos Aires :
Nombre del editor, distribuidor, etc. [s.n.],
Fecha de publicación, distribución, etc. 1952 (
Fabricante Imp. de la Universidad de Buenos Aires)
300 ## - DESCRIPCIÓN FÍSICA
Extensión 132 p. ;
Dimensiones 21 cm.
594 ## - Nota al título y mención de responsabilidad
Nota al título y mención de responsabilidad Precede al tít.: Universidad de Buenos Aires. Facultad de Filosofía y Letras.
600 17 - PUNTO DE ACCESO ADICIONAL DE MATERIA--NOMBRE DE PERSONA
Nombre de persona Medici, Lorenzo de,
Fechas asociadas al nombre 1449-1492
Fuente del encabezamiento o término
9 (RLIN) 154734
710 2# - ENTRADA AGREGADA--NOMBRE DE ENTIDAD CORPORATIVA
Nombre de entidad corporativa o nombre de jurisdicción como elemento de entrada Universidad de Buenos Aires.
Unidad subordinada Facultad de Filosofía y Letras.
9 (RLIN) 7157
852 ## - LOCALIZACIÓN
Ubicación ES-MaACL
Número de control de estantería D-8198
Holdings
Estatus retirado Estado de pérdida Estado de daño No para préstamo Biblioteca de origen Biblioteca actual Ubicación en estantería Fecha de adquisición Fuente de adquisición Total de préstamos Signatura topográfica completa Código de barras Visto por última vez Precio de reemplazo Tipo de ítem Koha
        Biblioteca del Ateneo de Madrid Biblioteca del Ateneo de Madrid Sala Valle Inclán 17/01/2008     D-8198 901137361 23/02/2023 23/02/2023 Libro impreso